Riconosci il Pokémon - Quiz n°969 - Statistics

Statistiche generali
  • Questo quiz è stato fatto 0 volte
  • Il punteggio medio è 0 su 10
Statistiche sulle risposte
Indizio Risposta % Corretto
Altezza 0,2 m (Forma Individuale); 8,2 m (Forma Banco)
0%
Peso 0,3 kg (Forma Individuale); 78,6 kg (Forma Banco)
0%
Sesso 50% ♂, 50% ♀
0%
Tasso di cattura 60 (14.8%)
0%
Tipo Acqua
0%
Abilità Banco
0%
Stadio evoluzione Non si evolve
0%
Generazione Settima
0%
Tasso di allevamento Veloce
0%
Pokémon Wishiwashi
0%
Nessun quiz corrispondente trovato
Distribuzione punteggi
Percentuale di utenti per punteggio
Percentile per numero di risposta
I tuoi punteggi nel tempo
Non hai fatto questo quiz